বিষয়বস্তু এড়িয়ে যান

Культурная идентичность учебное пособие

В пособии рассматриваются основные подходы в изучении идентичности: кризис идентичности как одна из характеристик состояния современной культуры, национальная идея России как форма выражения идентичности, отражение идентичности в искусстве, трансформация идентичности в условиях цифровой среды. При э...

সম্পূর্ণ বিবরণ

সংরক্ষণ করুন:
গ্রন্থ-পঞ্জীর বিবরন
বিন্যাস: Книга
ভাষা:Russian
প্রকাশিত: Новосибирск НГТУ 2023
অনলাইন ব্যবহার করুন:https://e.lanbook.com/book/404792
https://e.lanbook.com/img/cover/book/404792.jpg
ট্যাগগুলো: ট্যাগ যুক্ত করুন
কোনো ট্যাগ নেই, প্রথমজন হিসাবে ট্যাগ করুন!
LEADER 02008nam0a2200253 i 4500
001 404792
003 RuSpLAN
005 20240419170854.0
008 240419s2023 ru gs 000 0 rus
020 |a 978-5-7782-4854-0 
040 |a RuSpLAN 
041 0 |a rus 
044 |a ru 
084 |a 71.08я73  |2 rubbk 
245 0 0 |a Культурная идентичность  |b учебное пособие 
260 |a Новосибирск  |b НГТУ  |c 2023 
300 |a 67 с. 
504 |a Библиогр.: доступна в карточке книги, на сайте ЭБС Лань 
520 8 |a В пособии рассматриваются основные подходы в изучении идентичности: кризис идентичности как одна из характеристик состояния современной культуры, национальная идея России как форма выражения идентичности, отражение идентичности в искусстве, трансформация идентичности в условиях цифровой среды. При этом акцент сделан на изучении проблем идентичности в условиях российского социально-культурного пространства. Пособие ориентировано на студентов негуманитарных специальностей и предназначено для изучения вопросов идентичности в рамках дисциплины «Основы личностной и коммуникативной культуры». 
521 8 |a Книга из коллекции НГТУ - Социально-гуманитарные науки 
521 8 |a СЭБ 
856 4 |u https://e.lanbook.com/book/404792 
856 4 8 |u https://e.lanbook.com/img/cover/book/404792.jpg 
953 |a https://e.lanbook.com/img/cover/book/404792.jpg